Adaptive reuse of the built heritage : (Record no. 30964)

MARC details
000 -LEADER
fixed length control field 01491cam a2200313 i 4500
001 - CONTROL NUMBER
control field 2018058371
003 - CONTROL NUMBER IDENTIFIER
control field EG-ScBUE
005 - DATE AND TIME OF LATEST TRANSACTION
control field 20250512083733.0
008 - FIXED-LENGTH DATA ELEMENTS--GENERAL INFORMATION
fixed length control field 181207s2019 enkae f b 001 0 eng d
020 ## - INTERNATIONAL STANDARD BOOK NUMBER
International Standard Book Number 9781138062764
040 ## - CATALOGING SOURCE
Original cataloging agency DLC
Language of cataloging eng
Description conventions rda
Transcribing agency DLC
Modifying agency OCLCF
-- UKMGB
-- YDX
-- EG-ScBUE
082 04 - DEWEY DECIMAL CLASSIFICATION NUMBER
Classification number 720.286
Edition number 22
Item number PLE
100 1# - MAIN ENTRY--PERSONAL NAME
Personal name Plevoets, Bie,
Relator term author.
245 10 - TITLE STATEMENT
Title Adaptive reuse of the built heritage :
Remainder of title concepts and cases of an emerging discipline /
Statement of responsibility, etc Bie Plevoets and Koenraad Van Cleempoel.
264 #1 - PUBLICATION, DISTRIBUTION, ETC. (IMPRINT)
Place of publication, distribution, etc Abingdon, Oxon ;
-- New York, NY :
Name of publisher, distributor, etc Routledge,
Date of publication, distribution, etc 2019.
300 ## - PHYSICAL DESCRIPTION
Extent xix, 236 pages :
Other physical details illustrations (some color), plans ;
Dimensions 24 cm
336 ## - CONTENT TYPE
Content type term text
Content type code txt
Source rdacontent
337 ## - MEDIA TYPE
Media type term unmediated
Media type code n
Source rdamedia
338 ## - CARRIER TYPE
Carrier type term volume
Carrier type code nc
Source rdacarrier
504 ## - BIBLIOGRAPHY, ETC. NOTE
Bibliography, etc Includes bibliographical references and index.
505 2# - FORMATTED CONTENTS NOTE
Formatted contents note Historical background -- Intervention strategies -- Adaptive reuse for urban regeneration -- Diocletian Palace, Split -- Attocha Station, Madrid -- Neues Museum, Berlin -- Former Prison, Hasselt -- St Joseph church, Ghent.
650 #7 - SUBJECT ADDED ENTRY--TOPICAL TERM
Topical term or geographic name as entry element Buildings
General subdivision Remodeling for other use.
Source of heading or term BUEsh
653 ## - INDEX TERM--UNCONTROLLED
Arrived date list May2025
Resource For college Arts and Design
655 ## - INDEX TERM--GENRE/FORM
Form subdivision Reading book
700 1# - ADDED ENTRY--PERSONAL NAME
Personal name Cleempoel, Koenraad van,
Relator term author.
776 08 - ADDITIONAL PHYSICAL FORM ENTRY
Display text ebook version :
International Standard Book Number 9781351665360
942 ## - ADDED ENTRY ELEMENTS (KOHA)
Source of classification or shelving scheme Dewey Decimal Classification
Koha item type Book - Borrowing
949 ## - LOCAL PROCESSING INFORMATION (OCLC)
t NONCIRC
l _ULDEMAND
m I-UNIVLIB
o .PUBLIC. Books on Demand service for IUPUI University Library users only
-- .PUBLIC. Click the “Get this for IUPUI” button to submit a request.
Holdings
Withdrawn status Lost status Source of classification or shelving scheme Damaged status Not for loan Collection code Home library Current library Shelving location Date acquired Source of acquisition Cost, normal purchase price Serial Enumeration / chronology Total Checkouts Total Renewals Full call number Barcode Date last seen Date checked out Cost, replacement price Price effective from Koha item type
    Dewey Decimal Classification     Baccah Central Library Central Library Second Floor 12/05/2025 Purchase 2215.00 39223 1 12 720.286 PLE 000057322 18/02/2026 16/10/2025 2768.75 12/05/2025 Book - Borrowing